| 000 | 00573pab a2200205 454500 | ||
|---|---|---|---|
| 008 | 180718b2010 xxu||||| |||| 00| 0 eng d | ||
| 100 | _aCastro, Lucia Rabello de | ||
| 245 | _aChildhood and its regimes of visibility in Brazil: an analysis of the contribution of the social sciences | ||
| 260 | _c2010 | ||
| 300 | _ap.206-31. | ||
| 362 | _aMar | ||
| 650 | _aSocial sciences | ||
| 650 | _aRights of the child | ||
| 650 | _aSocial problems | ||
| 650 | _aChildhood | ||
| 700 | _aKosminsky, Ethel V. | ||
| 773 | _aCurrent Sociology | ||
| 908 | _aN | ||
| 909 | _a86353 | ||
| 999 |
_c86353 _d86353 |
||